| 000 | 01254nam0a2200337 4500 | ||
|---|---|---|---|
| 001 | RU\NLR\BIBL_A\022253942 | ||
| 005 | 20240819101441.0 | ||
| 010 |
_a978-5-6048791-6-0 _9100 |
||
| 021 |
_aRU _bКН-П-24-026257 _9КН-П-24-2692 |
||
| 035 | _a(NLR Aleph) 022253942 | ||
| 090 |
_a13197710 _c13197710 |
||
| 100 | _a20240617d2023 u y0rusy50 ca | ||
| 101 | 0 | _arus | |
| 102 | _aRU | ||
| 105 | _aa|||z|||000gy | ||
| 181 | 0 |
_ai _baxxe |
|
| 182 | 0 | _an | |
| 200 | 1 |
_aСлова на плоскости _eстихи _fАлександр Якунов |
|
| 203 |
_aТекст _bвизуальный _cнепосредственный |
||
| 210 |
_aЧереповец _cПорт-Апрель _d2023 |
||
| 215 |
_a143 с. _cил. _d21 |
||
| 320 | _aДр. произведения авт. на 4-й с. обл. | ||
| 327 | 1 | _aСодерж.: циклы: Каштановый шатёр; Филологический трёп; И всё это тоже Игра! | |
| 333 | _a16+ | ||
| 686 | 2 | _aШ6(2=Р)8-5 | |
| 700 | 1 |
_aЯкунов _bА. В. _f1973- _gАлександр Вячеславович |
|
| 942 | _cBOOK | ||
| 980 | _aNB | ||